000 00888nam a22002057a 4500
005 2011120103473.0
010 _aB-454765
020 _a9788179932124
_c155.00
035 _aB-454765
037 _aBlue Berry/Ven
_bDPL
100 _aSengupta, Roshni
_945350
245 _aBio Energy :
_bpowering the future /
_cby Roshni, Sengupta
260 _aNew Delhi
_bTeri Press
_c2008
270 _aDarbari Seth Block, IHC Complex, Lodhi Road
_bNew Delhi
_e110003
300 _a30p.
_bcol.ill
_c28cm. (Hb)
490 _aFuture Power Energy
_945351
942 _2ddc
_cCH
_mSEN
_h333.9539
999 _c58887
_d58887